| 000 | 00000nam 2200000zi 4500 |
| 001 | 9.931734 |
| 003 | CaOODSP |
| 005 | 20240212130321 |
| 006 | m o d f |
| 007 | cr |n||||||||| |
| 008 | 231222e202401 oncd ob f000 0 fre d |
| 020 | |a9780660694191 |
| 040 | |aCaOODSP|bfre|erda|cCaOODSP |
| 043 | |an-cn-bc |
| 086 | 1 |aFs70-7/2024-004F-PDF |
| 245 | 00|aApproximations rapides de l'état du saumon du Pacifique dérivées d'évaluations d'experts intégrées dans le cadre de la politique concernant le saumon sauvage de Pêches et Océans Canada. |
| 264 | 1|a[Ottawa] : |bSecrétariat canadien de consultation scientifique, |cjanvier 2024. |
| 264 | 4|c©2024 |
| 300 | |a1 ressource en ligne (49 pages) : |bgraphiques. |
| 336 | |atexte|btxt|2rdacontent/fre |
| 337 | |ainformatique|bc|2rdamedia/fre |
| 338 | |aressource en ligne|bcr|2rdacarrier/fre |
| 490 | 1 |aRéponse des sciences, |x1919-3815 ; |v2024/004 |
| 500 | |aPublié aussi en anglais sous le titre : Rapid status approximations for Pacific salmon derived from integrated expert assessments under DFO's wild salmon policy. |
| 500 | |aTitre de départ. |
| 650 | 6|aSaumons du Pacifique|xConservation|zColombie-Britannique|zPacifique, Côte du. |
| 650 | 6|aPoissons|xPopulations|xEstimation|zColombie-Britannique|zPacifique, Côte du. |
| 650 | 6|aRessources halieutiques|xÉvaluation|zColombie-Britannique|zPacifique, Côte du. |
| 710 | 1 |aCanada. |bMinistère des pêches et des océans, |eorganisme de publication. |
| 710 | 2 |aSecrétariat canadien de consultation scientifique, |eorganisme de publication. |
| 775 | 08|tRapid status approximations for Pacific salmon derived from integrated expert assessments under DFO's wild salmon policy.|w(CaOODSP)9.931733 |
| 830 | #0|aRéponse des sciences (Secrétariat canadien de consultation scientifique)|v2024/004.|w(CaOODSP)9.502630 |
| 856 | 40|qPDF|s1.39 Mo|uhttps://publications.gc.ca/collections/collection_2024/mpo-dfo/fs70-7/Fs70-7-2024-004-fra.pdf |